Los factores reales de la integración Centroamericana /
Examina la dinámica capitalista y su influencia en la integración económica centroamericana, analiza las relaciones de dominación que se han establecido entre las economías centrales y las dependientes, desde la aparición de la división internacional del trabajo que determinó el "desarrollo hac...
Gorde:
| Egile nagusia: | |
|---|---|
| Erakunde egilea: | |
| Beste egile batzuk: | |
| Formatua: | Texto |
| Argitaratua: |
San Salvador:
FUPAC
|
| Gaiak: | |
| Etiketak: |
Etiketa erantsi
Etiketarik gabe, Izan zaitez lehena erregistro honi etiketa jartzen!
|
MARC
| LEADER | 00000 a a2200000 04500 | ||
|---|---|---|---|
| 001 | 19698 | ||
| 003 | |||
| 040 | |||
| 090 | |a 078900 | ||
| 100 | |a Monge López, Rigoberto | ||
| 110 | |a FUPAC | ||
| 245 | |a Los factores reales de la integración Centroamericana / |c Rigoberto Monge López | ||
| 260 | |a San Salvador: |b FUPAC | ||
| 300 | |a 13 p. | ||
| 520 | |a Examina la dinámica capitalista y su influencia en la integración económica centroamericana, analiza las relaciones de dominación que se han establecido entre las economías centrales y las dependientes, desde la aparición de la división internacional del trabajo que determinó el "desarrollo hacia afuera": colonias productoras de materias primas y receptoras de artículos manufacturados (desarrollo desigual)./ALLV | ||
| 650 | |a POLITICA ECONOMICA | ||
| 650 | |a INDUSTRIALIZACION | ||
| 650 | |a DEPENDENCIA | ||
| 650 | |a INTEGRACION ECONOMICA | ||
| 700 | |a Hernández Cáceres, René | ||
| 999 | |c 11876 |d 11876 | ||
